Investment Analysis and Portfolio Management /

Gardado en:
Detalles Bibliográficos
Autor Principal: Cohen, Jerome B. (autor)
Outros autores: Zinbarg, Edward D. (autor) (autor), Zeikel, Arthur (autor) (autor)
Formato: Libro
Idioma:inglés
Publicado: Homewood, EUA : Irwin, 1987, c1987
Edición:5a edición
Temas:
Etiquetas: Engadir etiqueta
Sen Etiquetas, Sexa o primeiro en etiquetar este rexistro!

MARC

LEADER 00000nam^a2200000^a^4500
001 000182977
005 20250521000000.0
009 20260310102024.477
020 |a 0-256-03624-1 
037 |a Acervo ITESO - Biblioteca 
041 |a ING 
082 |a 332. 60973  |b COH 
100 |a Cohen, Jerome B.  |e (autor) 
245 1 0 |a Investment Analysis and Portfolio Management /  |c J.B. Cohen, E.D. Zinbarg, A. Zeikel. 
250 |a 5a edición 
264 4 |a Homewood, EUA :  |b Irwin,  |c 1987, c1987 
300 |a XIV, 738 p. 
336 |a texto  |b txt  |2 rdacontenido 
337 |a sin mediación  |b n  |2 rdamedio 
338 |a volumen  |b nc  |2 rdasoporte 
649 |a XX 
650 |a Inversiones -  |z EUA 
650 |a Mercado de Valores -  |z EUA 
650 |a Acciones (Títulos, Valores) -  |z EUA 
650 |a Finanzas -  |z EUA 
650 |a Economía 
700 |a Zinbarg, Edward D.  |e (autor) 
700 |a Zeikel, Arthur  |e (autor) 
910 |a Fondo General 
920 |a Impresos - Libros 
930 |a Colección General 
905 |a 101 
901 |a 0500122996  |b IT1  |c ACC  |u 20250521 
902 |a https://opac.biblio.iteso.mx/vufind/Record/000182977